000 01227cam a2200277 4500
001 L159251
008 040913n2015 000 0 eng u
041 _aeng
100 1 _aHölzinger, Oliver
245 0 0 _aPlanning for sustainable land-use
_bThe Natural Capital Planning Tool (NCPT) project
260 _aLondon
_bRICS
_c2015
490 0 _aRICS Research
520 _aAims to develop a Natural Capital Planning Tool (NCPT) allowing planners and developers to better assess and manage the long-term impacts of proposed major developments and plans on natural capital and ecosystem services by devising a reliable, and industry acceptable, assessment methodology based on ecosystem services.
650 2 4 _aECOSYSTEMS
650 2 4 _aNATURAL RESOURCES
650 2 4 _aURBANISATION
650 2 4 _aLAND-USE
_96251
651 4 _aUnited Kingdom
690 _aSustainability
_96271
690 _aPlanning and development
_96259
700 1 _aLaughlin, Pat
700 1 _aGrayson, Nick
710 1 _aRoyal Institution of Chartered Surveyors
_94900
856 _uhttp://www.propertyresearchtrust.org/uploads/1/3/4/8/134819607/natural_capital_planning_tool.pdf
_zAvailable from the Property Research Trust
942 _n0
_2ddc
999 _c115767
_d115767